Museo de Arte de Sâo Paulo /
Libro centralmente gráfico, que reproduce algunas de las principales obras de la colección de pintura del Museo de Arte de Sâo Paulo. Incluye un estudio introductorio sobre la historia del museo.
Guardat en:
| Altres autors: | |
|---|---|
| Format: | Llibre |
| Idioma: | espanyol |
| Publicat: |
Madrid, España :
Codex,
1967, c1967
|
| Col·lecció: | (El Mundo de los Museos)
|
| Matèries: | |
| Etiquetes: |
Sense etiquetes, Sigues el primer a etiquetar aquest registre!
|
MARC
| LEADER | 00000nam^a2200000^a^4500 | ||
|---|---|---|---|
| 001 | 000107016 | ||
| 005 | 20250521000000.0 | ||
| 009 | 20260526122329.163 | ||
| 037 | |a Acervo ITESO - Biblioteca | ||
| 041 | |a ESP | ||
| 082 | |a 708. |b MUN V. 10 | ||
| 245 | 1 | 0 | |a Museo de Arte de Sâo Paulo / |c Presen. de Pietro Maria Bardi ; dir. de N.J. Gibelli. |
| 264 | 4 | |a Madrid, España : |b Codex, |c 1967, c1967 | |
| 300 | |a 85 p. | ||
| 336 | |a texto |b txt |2 rdacontenido | ||
| 337 | |a sin mediación |b n |2 rdamedio | ||
| 338 | |a volumen |b nc |2 rdasoporte | ||
| 440 | 3 | |a (El Mundo de los Museos) | |
| 520 | |a Libro centralmente gráfico, que reproduce algunas de las principales obras de la colección de pintura del Museo de Arte de Sâo Paulo. Incluye un estudio introductorio sobre la historia del museo. | ||
| 649 | |a XX | ||
| 650 | |a Museos y Galerías - |z São Paulo, Brasil | ||
| 650 | |a Pintura - |x Colecciones | ||
| 650 | |a Arte - |x Colecciones | ||
| 700 | |a Gibelli, Nicolás J. |e (dirección) | ||
| 910 | |a Fondo General | ||
| 920 | |a Impresos - Libros | ||
| 930 | |a Reserva Especial | ||
| 905 | |a 103 | ||
| 901 | |a 0500043283 |b IT1 |c REE |u 20250521 | ||
| 902 | |a https://opac.biblio.iteso.mx/vufind/Record/000107016 | ||